| 000 | 00378nam a22001337a 4500 | ||
|---|---|---|---|
| 008 | 200224b xxu||||| |||| 00| 0 eng d | ||
| 020 | _a9780373211494 | ||
| 050 |
_aPQ 7298.1.L735 _b.Al461 2014 |
||
| 100 | _aAlsaid, Adi | ||
| 245 |
_aLet's get lost/ _cAdi Alsaid. |
||
| 260 |
_aCanada : _bHarlequinn Enterprise Ltd., _c2014. |
||
| 300 |
_a373 pages ; _c21 cm. |
||
| 942 |
_2lcc _cBK |
||
| 999 |
_c362953 _d362953 |
||